Horrible Histories Quiz Stats

 Plays Quiz Updated Mar 6, 2020

Support Sporcle.
Go Orange.
Score 0/22 Timer 05:00
0 Plays Today
Adjective Subject % Correct
The RottenRomans
88.6%
The RuthlessRomans
88.6%
The GroovyGreeks
80.6%
The ViciousVikings
79.2%
The TerribleTudors
79%
Even More TerribleTudors
79%
The VileVictorians
73.5%
The AngryAztecs
68.2%
The AwesomeEgyptians
65.5%
The AwfulEgyptians
65.5%
The GorgeousGeorgians
65.4%
Adjective Subject % Correct
The Cut ThroatCelts
64.4%
The IncredibleIncas
60.3%
The SmashingSaxons
60.2%
The SlimyStuarts
60%
The MeaslyMiddle Ages
57.6%
The Stormin'Normans
57.1%
The BlitzedBrits
54.8%
The FrightfulFirst World War
46.5%
The WoefulSecond World War
45.9%
The SavageStone Age
38.2%
The BarmyBritish Empire
20.1%

You're not logged in!

Compare scores with friends on all Sporcle quizzes.
OR
Log In

From the Vault

Anyone but Calvin Coolidge

by lolshortee

We hope he's friends with anyone named Klein.
Remove Ads.
Support Sporcle.
Get the best of Sporcle when you Go Orange. This ad-free experience offers more features, more stats, and more fun while also helping to support Sporcle. Thank you for becoming a member.

Show Comments

Extras

Top Quizzes Today


Score Distribution

Your Account Isn't Verified!

In order to create a playlist on Sporcle, you need to verify the email address you used during registration. Go to your Sporcle Settings to finish the process.

Report this User

Report this user for behavior that violates our Community Guidelines.

Details: